000 00873 a2200229 4500
005 20080917122651.0
008 080917t xxu||||| |||| 00| 0 eng d
010 _aENG-87797
020 _c298.00
035 _aEN-71330
037 _bD.B.Act / Pub
082 _a382
100 _aChaudhuri, B. K.
245 _aForeign trade and foreign exchange
_cby B. K. Chaudhuri and O. P. Agarwal
250 _a5th rev.& enl. ed.
260 _aMumbai
_bHimalaya Publishing House
_c2006
270 _a"Ramdoot", Dr. Bhalerao Marg, (Kelewadi), Girgaon
_bMumbai
_e400 004
_k022-23860170, 022-23863863
_mhimpub@vsnl.com
300 _a482 p.
_c24 cm. (Pbk)
700 _aAgarwal, O. P.
942 _adpl
_cEN
_k382 / CHA
_2ddc
_h382
_mCHA
999 _c6967
_d6967